[Event "July TNT"]
[Site "Winnipeg CAN"]
[Date "2003.07.15"]
[Round "2"]
[White "Essery, Richard"]
[Black "Cleto, Sam"]
[Result "0-1"]
[WhiteElo "1737"]
[BlackElo "1855"]
[PlyCount "50"]
[EventDate "2003.07.08"]
[EventType "swiss"]
[EventRounds "4"]
[EventCountry "CAN"]

1. Nf3 Nf6 2. b3 g6 3. Bb2 Bg7 4. e3 O-O 5. c4 c5 6. Be2 Nc6 7. O-O d6 8. a3 e5
9. d3 Bg4 10. h3 Bd7 11. Nc3 Nh5 12. Nh2 Nf6 13. Ng4 Nxg4 14. Bxg4 f5 15. Bf3
Qg5 16. Bd5+ Kh8 17. f4 exf4 18. exf4 Qg3 19. Ne2 Qe3+ 20. Kh1 Bxb2 21. Ra2 Bg7
22. Rf3 Qe7 23. Qd2 Rae8 24. Ng3 Nd4 25. Rf1 Bc6 0-1

[Event "July TNT"]
[Site "Winnipeg CAN"]
[Date "2003.07.15"]
[Round "2"]
[White "Nikouline, Alexandre"]
[Black "Greenberg, Harley"]
[Result "0-1"]
[WhiteElo "1993"]
[BlackElo "1837"]
[PlyCount "80"]
[EventDate "2003.07.08"]
[EventType "swiss"]
[EventRounds "4"]
[EventCountry "CAN"]

1. e4 c5 2. Nf3 Nc6 3. d4 cxd4 4. Nxd4 Nf6 5. Nc3 e5 6. Ndb5 d6 7. Bg5 a6 8.
Na3 b5 9. Nd5 Be7 10. Bxf6 Bxf6 11. c3 O-O 12. Nc2 Bg5 13. a4 bxa4 14. Rxa4 a5
15. Bb5 Bb7 16. h4 Bh6 17. g4 Bf4 18. Qf3 Ne7 19. Nxf4 exf4 20. c4 Ng6 21. Nd4
Ne5 22. Qe2 Qb6 23. Nf3 Nxg4 24. h5 Bxe4 25. c5 Qxc5 26. Rxe4 Qc1+ 27. Qd1
Qxd1+ 28. Kxd1 Nxf2+ 29. Ke1 Nxe4 30. Bc6 Rac8 31. Nd4 d5 32. Rh4 f3 33. Nf5
Rc7 34. Rg4 g6 35. hxg6 hxg6 36. Nd4 Kg7 37. Rf4 Rfc8 38. Ba4 Rc1+ 39. Bd1 f2+
40. Ke2 f1=Q+ 0-1

[Event "July TNT"]
[Site "Winnipeg CAN"]
[Date "2003.07.15"]
[Round "2"]
[White "Prince, Colin"]
[Black "Khedkar, Jay"]
[Result "0-1"]
[WhiteElo "1682"]
[BlackElo "1947"]
[PlyCount "53"]
[EventDate "2003.07.08"]
[EventType "swiss"]
[EventRounds "4"]
[EventCountry "CAN"]

1. c4 e6 2. d4 d5 3. Nf3 c6 4. Bf4 dxc4 5. e3 b5 6. a4 Bb7 7. axb5 cxb5 8. Be2
Nf6 9. O-O Nbd7 10. b3 Nb6 11. Ne5 cxb3 12. Bxb5+ Nfd7 13. Qxb3 Bd5 14. Qd3 Be7
15. Rc1 O-O 16. Nxd7 Nxd7 17. Rc7 Nf6 18. Nc3 a5 19. e4 Bb3 20. Bc6 Rc8 21. Nb5
a4 22. Rc1 Bb4 23. Bb7 Rxc7 24. Rxc7 Ba5 25. Rc8 Qb6 26. Rxf8+ Kxf8 27. Ba8 0-1

[Event "July TNT"]
[Site "Winnipeg CAN"]
[Date "2003.07.15"]
[Round "2"]
[White "Taylor, Evan"]
[Black "Milord, Frank"]
[Result "0-1"]
[WhiteElo "1402"]
[BlackElo "1567"]
[PlyCount "30"]
[EventDate "2003.07.08"]
[EventType "swiss"]
[EventRounds "4"]
[EventCountry "CAN"]

1. d4 g6 2. e4 Bg7 3. Nf3 d6 4. Bc4 c6 5. O-O Nf6 6. Re1 Nxe4 7. Bxf7+ Kxf7 8.
Rxe4 Bf5 9. Re1 h6 10. Nc3 Nd7 11. Qe2 e6 12. Nh4 Qxh4 13. Nb5 cxb5 14. Qxb5
Nb6 15. d5 Qc4 0-1

[Event "July TNT"]
[Site "Winnipeg CAN"]
[Date "2003.07.15"]
[Round "2"]
[White "Taylor, Jasper"]
[Black "Zaczek, Jonathan"]
[Result "0-1"]
[WhiteElo "1440"]
[BlackElo "1653"]
[PlyCount "44"]
[EventDate "2003.07.08"]
[EventType "swiss"]
[EventRounds "4"]
[EventCountry "CAN"]

1. d4 Nf6 2. Nf3 g6 3. Bf4 Bg7 4. e3 d6 5. c3 O-O 6. Be2 Nbd7 7. O-O Nh5 8. Bg5
h6 9. Bh4 g5 10. Nfd2 Nhf6 11. Bg3 Nh7 12. Bd3 f5 13. Qc2 e6 14. Re1 Ndf6 15.
h3 h5 16. e4 Ne8 17. exf5 exf5 18. f4 g4 19. hxg4 hxg4 20. Kf2 Bf6 21. Bxf5
Bxf5 22. Qxf5 Bxd4+ 0-1

[Event "July TNT"]
[Site "Winnipeg CAN"]
[Date "2003.07.15"]
[Round "2"]
[White "Van Wyk, Joseph"]
[Black "Lafreniere, Adrian"]
[Result "1/2-1/2"]
[WhiteElo "1930"]
[BlackElo "1806"]
[PlyCount "69"]
[EventDate "2003.07.08"]
[EventType "swiss"]
[EventRounds "4"]
[EventCountry "CAN"]

1. e4 e6 2. d4 b6 3. c4 Bb7 4. Nc3 Bb4 5. Bd3 Ne7 6. Qg4 Ng6 7. Bg5 f6 8. Bd2
Nc6 9. Nge2 Qe7 10. f4 O-O-O 11. d5 Na5 12. O-O Ba6 13. b3 Kb8 14. Rfd1 Nb7 15.
Na4 Bxd2 16. Rxd2 Nc5 17. Nxc5 Qxc5+ 18. Kf1 Qe7 19. Nd4 e5 20. Nf5 Qf7 21.
fxe5 fxe5 22. g3 h5 23. Qg5 d6 24. Rf2 Rdf8 25. Ke2 h4 26. Raf1 hxg3 27. hxg3
Rh5 28. Qg4 Bc8 29. Ke3 Rfh8 30. Qe2 Qf6 31. Kd2 Qg5+ 32. Qe3 Qxe3+ 33. Kxe3
Rg5 34. Rf3 Rh2 35. R1f2 1/2-1/2

[Event "July TNT"]
[Site "Winnipeg CAN"]
[Date "2003.07.22"]
[Round "3"]
[White "Babb, Jeff"]
[Black "Van Wyk, Joseph"]
[Result "1-0"]
[WhiteElo "2150"]
[BlackElo "1930"]
[PlyCount "59"]
[EventDate "2003.07.08"]
[EventType "swiss"]
[EventRounds "4"]
[EventCountry "CAN"]

1. e4 c6 2. d3 d5 3. Nd2 e5 4. Ngf3 Nd7 5. g3 Ngf6 6. Bg2 Bc5 7. O-O dxe4 8.
dxe4 O-O 9. Nh4 Nb6 10. Nb3 Be7 11. Qe2 Bg4 12. f3 Be6 13. Rd1 Qc7 14. Nf5 Rfd8
15. Nxe7+ Qxe7 16. Be3 Nc4 17. Bc5 Qc7 18. c3 Rd7 19. Rxd7 Nxd7 20. Bf2 Rd8 21.
Rd1 Ndb6 22. Rxd8+ Qxd8 23. Nc5 Bc8 24. b3 Nd6 25. Qd2 f6 26. a4 Qe7 27. a5 Na8
28. Na4 Be6 29. Bc5 Bxb3 30. Bxd6 1-0

[Event "July TNT"]
[Site "Winnipeg CAN"]
[Date "2003.07.22"]
[Round "3"]
[White "Gibson, Fred"]
[Black "Taylor, Jasper"]
[Result "0-1"]
[WhiteElo "1190"]
[BlackElo "1440"]
[PlyCount "74"]
[EventDate "2003.07.08"]
[EventType "swiss"]
[EventRounds "4"]
[EventCountry "CAN"]

1. d4 Nf6 2. c4 e5 3. Bg5 exd4 4. Nf3 Nc6 5. Nxd4 Nxd4 6. Qxd4 Be7 7. g3 d5 8.
Nc3 Be6 9. Bg2 dxc4 10. Rd1 Qxd4 11. Rxd4 c6 12. O-O O-O 13. e4 h6 14. Bf4 Rad8
15. Be5 Rxd4 16. Bxd4 b6 17. e5 Nd5 18. f4 Nxc3 19. Bxc3 Bd5 20. Rd1 Rd8 21.
Rd4 Bxg2 22. Kxg2 Rxd4 23. Bxd4 Kf8 24. Kf3 Ke8 25. Ke4 Kd7 26. Bc3 g6 27. h4
Ke6 28. Bd4 h5 29. Bc3 Bc5 30. a3 a5 31. g4 hxg4 32. f5+ gxf5+ 33. Kf4 Bf8 34.
h5 Bh6+ 35. Kg3 Bg5 36. a4 f6 37. Bd4 c5 0-1

[Event "July TNT"]
[Site "Winnipeg CAN"]
[Date "2003.07.22"]
[Round "3"]
[White "Greenberg, Harley"]
[Black "Cleto, Sam"]
[Result "0-1"]
[WhiteElo "1837"]
[BlackElo "1855"]
[PlyCount "62"]
[EventDate "2003.07.08"]
[EventType "swiss"]
[EventRounds "4"]
[EventCountry "CAN"]

1. d4 Nf6 2. c4 e6 3. Nf3 Bb4+ 4. Bd2 a5 5. Nc3 O-O 6. e3 c5 7. Bd3 d5 8. O-O
dxc4 9. Bxc4 b6 10. a3 Bxc3 11. bxc3 Bb7 12. Rb1 Nbd7 13. a4 Ne4 14. Be1 Ng5
15. Be2 Be4 16. Rb2 c4 17. Rb5 f5 18. Nxg5 Qxg5 19. Bf3 Qg6 20. Bxe4 fxe4 21.
f4 Rf5 22. d5 exd5 23. Rxd5 Nc5 24. Qd4 Raf8 25. Qxc4 Qf7 26. Rd4 Qxc4 27. Rxc4
Rd8 28. Rd4 Rxd4 29. cxd4 Nxa4 30. Bh4 Nc3 31. Rc1 Ne2+ 0-1

[Event "July TNT"]
[Site "Winnipeg CAN"]
[Date "2003.07.22"]
[Round "3"]
[White "Khedkar, Jay"]
[Black "Milord, Frank"]
[Result "0-1"]
[WhiteElo "1947"]
[BlackElo "1567"]
[PlyCount "90"]
[EventDate "2003.07.08"]
[EventType "swiss"]
[EventRounds "4"]
[EventCountry "CAN"]

1. e4 c5 2. Nf3 Nc6 3. d4 cxd4 4. Nxd4 Nf6 5. Nc3 e5 6. Ndb5 d6 7. Nd5 Nxd5 8.
exd5 Nb8 9. c4 a6 10. Nc3 Be7 11. Be2 O-O 12. O-O f5 13. f4 Qb6+ 14. Kh1 Qd4
15. Qb3 Nd7 16. Na4 e4 17. Be3 Qf6 18. c5 b5 19. cxb6 Rb8 20. Rac1 Bd8 21. Rxc8
Rxc8 22. b7 Rb8 23. Ba7 Ba5 24. Bxa6 Bd2 25. Qc2 e3 26. Qc7 Qd8 27. Qxd6 Rf6
28. Bxb8 Rxd6 29. Bxd6 Nb8 30. Bxb8 Qxb8 31. Nc5 e2 32. Bxe2 Bxf4 33. Ba6 Qd6
34. b4 Bxh2 35. Re1 Qh6 36. Re6 g6 37. Nd7 Bg3+ 38. Kg1 Qh2+ 39. Kf1 Qh1+ 40.
Ke2 Qxg2+ 41. Kd3 Qxd5+ 42. Kc3 Qxd7 43. Bc4 Kg7 44. Rb6 Bb8 45. Kb3 f4 0-1

[Event "July TNT"]
[Site "Winnipeg CAN"]
[Date "2003.07.22"]
[Round "3"]
[White "Shome, Devarshi"]
[Black "Essery, Richard"]
[Result "1-0"]
[WhiteElo "1624"]
[BlackElo "1737"]
[PlyCount "57"]
[EventDate "2003.07.08"]
[EventType "swiss"]
[EventRounds "4"]
[EventCountry "CAN"]

1. e4 b6 2. d4 Bb7 3. Nc3 d6 4. Nf3 Nd7 5. Bf4 e6 6. Qd2 g6 7. O-O-O Bg7 8. Bc4
Bxe4 9. Nxe4 d5 10. Bd3 dxe4 11. Bxe4 Rc8 12. Qc3 Ngf6 13. Bb7 Nd5 14. Bxd5
exd5 15. Rhe1+ Kf8 16. Qa3+ Kg8 17. Re2 Qf6 18. Bg5 Qc6 19. Rde1 h6 20. Bf4 g5
21. Ne5 Nxe5 22. Bxe5 f6 23. Bg3 f5 24. Re6 Qb7 25. Qe7 Kh7 26. Be5 Rhg8 27.
Qf7 Rcf8 28. Qg6+ Kh8 29. Qxh6# 1-0

[Event "July TNT"]
[Site "Winnipeg CAN"]
[Date "2003.07.22"]
[Round "3"]
[White "Taylor, Evan"]
[Black "Charter, Bennet"]
[Result "0-1"]
[WhiteElo "1402"]
[BlackElo "1697"]
[PlyCount "30"]
[EventDate "2003.07.08"]
[EventType "swiss"]
[EventRounds "4"]
[EventCountry "CAN"]

1. d4 Nf6 2. Nf3 g6 3. Bf4 Bg7 4. e3 O-O 5. Bd3 d5 6. Nbd2 Nc6 7. c3 Re8 8. Ne5
Nd7 9. Nxd7 Qxd7 10. O-O e5 11. Bg3 e4 12. Bc2 Ne7 13. h3 Nf5 14. Bh2 Bh6 15.
c4 Bxe3 0-1

[Event "July TNT"]
[Site "Winnipeg CAN"]
[Date "2003.07.22"]
[Round "3"]
[White "Vincent, Trevor"]
[Black "Lafreniere, Adrian"]
[Result "1-0"]
[WhiteElo "1996"]
[BlackElo "1806"]
[PlyCount "43"]
[EventDate "2003.07.08"]
[EventType "swiss"]
[EventRounds "4"]
[EventCountry "CAN"]

1. c4 e6 2. g3 g6 3. Bg2 Bg7 4. Nc3 Nf6 5. e4 d6 6. Nge2 Nc6 7. O-O Bd7 8. d3
O-O 9. h3 h6 10. Be3 a6 11. Qd2 Kh7 12. f4 Qe7 13. Rae1 Rae8 14. g4 Ng8 15. f5
exf5 16. gxf5 Nf6 17. Nf4 Ne5 18. Nfd5 Nxd5 19. Nxd5 Qd8 20. f6 Bh8 21. Bxh6
Rg8 22. Qg5 1-0

[Event "July TNT"]
[Site "Winnipeg CAN"]
[Date "2003.07.22"]
[Round "3"]
[White "Wasney, Mark"]
[Black "Nikouline, Alexandre"]
[Result "0-1"]
[WhiteElo "1701"]
[BlackElo "1993"]
[PlyCount "122"]
[EventDate "2003.07.08"]
[EventType "swiss"]
[EventRounds "4"]
[EventCountry "CAN"]

1. d4 Nf6 2. c4 g6 3. Nc3 d5 4. Nf3 Bg7 5. e3 O-O 6. Bd3 c6 7. h3 b6 8. O-O Bb7
9. b3 Qc7 10. Bb2 Nbd7 11. Qc2 dxc4 12. bxc4 c5 13. d5 e6 14. e4 Nh5 15. Nb5
Qd8 16. d6 e5 17. Rad1 Nf4 18. Rfe1 Ne6 19. Nh2 a6 20. Na3 Nd4 21. Bxd4 cxd4
22. Qd2 Nc5 23. Rb1 Qxd6 24. Nc2 a5 25. Na3 Bxe4 26. Bxe4 Nxe4 27. Rxe4 Qxa3
28. Rxb6 Rab8 29. Rb5 Rxb5 30. cxb5 Rb8 31. Nf3 Rxb5 32. Qg5 f6 33. Qd2 Qb2 34.
Re2 Qxd2 35. Rxd2 Rb1+ 36. Kh2 Bh6 37. Rc2 d3 38. Rc8+ Kf7 39. Ra8 e4 40. Ra7+
Ke6 41. Ra6+ Kd7 42. Rxa5 exf3 43. Rd5+ Ke6 44. Rxd3 fxg2 45. Kxg2 Ra1 46. Ra3
Bf4 47. Kf3 Kf5 48. Ra5+ Be5 49. Ke3 Rh1 50. Ra7 Rxh3+ 51. Ke2 h5 52. Kf1 h4
53. Kg2 Rh2+ 54. Kg1 Rxf2 55. a4 Bd4 56. Ra5+ Ke4 57. Rb5 Rf5+ 58. Kg2 Rxb5 59.
axb5 f5 60. Kh3 g5 61. Kg2 g4 0-1

[Event "July TNT"]
[Site "Winnipeg CAN"]
[Date "2003.07.22"]
[Round "3"]
[White "Zaczek, Jonathan"]
[Black "Anderson, George"]
[Result "0-1"]
[WhiteElo "1653"]
[BlackElo "1553"]
[PlyCount "84"]
[EventDate "2003.07.08"]
[EventType "swiss"]
[EventRounds "4"]
[EventCountry "CAN"]

1. e4 e6 2. d4 d5 3. Nc3 Qd7 4. exd5 exd5 5. Nf3 b6 6. Ne5 Qe6 7. Be3 Bb4 8.
Be2 Bxc3+ 9. bxc3 Nf6 10. Bd3 Ba6 11. Bxa6 Nxa6 12. O-O Nb8 13. Re1 O-O 14. Bf4
Ne4 15. Qd3 f6 16. Nc4 Qf5 17. f3 Qxf4 18. fxe4 dxc4 19. Qxc4+ Kh8 20. Rf1 Qxe4
21. Rae1 Qc6 22. Qe2 Nd7 23. Rf3 Qd5 24. Rh3 c5 25. Qd3 f5 26. Ree3 Rae8 27.
Reg3 Qe4 28. Qxe4 Rxe4 29. Re3 Rfe8 30. Kf2 Nf6 31. Rxe4 Rxe4 32. Rd3 cxd4 33.
cxd4 Nd5 34. c4 Nb4 35. Rd2 h6 36. Kf3 Nc6 37. d5 Ne5+ 38. Kf2 Rxc4 39. h3 Nd7
40. Ke3 Kg8 41. Rf2 g6 42. g4 fxg4 0-1

[Event "July TNT"]
[Site "Winnipeg CAN"]
[Date "2003.07.29"]
[Round "4"]
[White "Cleto, Sam"]
[Black "Babb, Jeff"]
[Result "0-1"]
[WhiteElo "1855"]
[BlackElo "2150"]
[PlyCount "134"]
[EventDate "2003.07.08"]
[EventType "swiss"]
[EventRounds "4"]
[EventCountry "CAN"]

1. d4 Nf6 2. Nf3 e6 3. c4 b6 4. a3 Bb7 5. Nc3 c5 6. d5 exd5 7. cxd5 d6 8. e4 a6
9. Bd3 Nbd7 10. O-O Ng4 11. Re1 Be7 12. Bc2 Bf6 13. Bf4 Nge5 14. Bxe5 Nxe5 15.
Nxe5 Bxe5 16. Qh5 g6 17. Qh6 Qf6 18. Re3 Qf4 19. Qxf4 Bxf4 20. Ree1 O-O 21. g3
Be5 22. a4 Rae8 23. Ne2 Re7 24. Rab1 f5 25. exf5 gxf5 26. Nf4 Rff7 27. Rbd1
Bxf4 28. Rxe7 Rxe7 29. gxf4 Bc8 30. Kf1 Kg7 31. Re1 Rxe1+ 32. Kxe1 b5 33. axb5
axb5 34. Bd1 Bb7 35. Bf3 b4 36. Kd2 Kf6 37. Ke3 Ke7 38. Kd3 Ba6+ 39. Ke3 Bc4
40. Kd2 Bb3 41. Bg2 Kd8 42. Kd3 Kc7 43. Ke3 Kb6 44. Kd3 Ba4 45. Ke3 Bd7 46. Bf1
Ka5 47. Bd3 b3 48. Bc4 Kb4 49. Ba6 Ka4 50. Bd3 Bc8 51. Bf1 Kb4 52. Bg2 c4 53.
Kd4 c3 54. bxc3+ Ka3 55. Bf1 b2 56. Bd3 Ka2 57. c4 b1=Q 58. Bxb1+ Kxb1 59. c5
dxc5+ 60. Kxc5 Kc2 61. Kc6 Kd3 62. Kc7 Ba6 63. d6 Bb5 64. f3 Ke3 65. d7 Bxd7
66. Kxd7 Kxf3 67. Ke6 Kxf4 0-1

[Event "July TNT"]
[Site "Winnipeg CAN"]
[Date "2003.07.29"]
[Round "4"]
[White "Essery, Richard"]
[Black "Prince, Colin"]
[Result "0-1"]
[WhiteElo "1737"]
[BlackElo "1682"]
[PlyCount "36"]
[EventDate "2003.07.08"]
[EventType "swiss"]
[EventRounds "4"]
[EventCountry "CAN"]

1. d4 Nf6 2. Bg5 e6 3. e3 c5 4. Nd2 d5 5. Ngf3 Nc6 6. Bd3 Bd6 7. c3 Bd7 8. O-O
h6 9. Bh4 Rc8 10. Re1 g5 11. Bg3 Bxg3 12. hxg3 g4 13. Ne5 h5 14. f3 h4 15. Nxg4
hxg3 16. f4 Ne4 17. Nf3 f5 18. Nge5 Nf2 0-1

[Event "July TNT"]
[Site "Winnipeg CAN"]
[Date "2003.07.29"]
[Round "4"]
[White "Gibbons, Lorne"]
[Black "Zaczek, Jonathan"]
[Result "0-1"]
[WhiteElo "1304"]
[BlackElo "1642"]
[PlyCount "53"]
[EventDate "2003.07.08"]
[EventType "swiss"]
[EventRounds "4"]
[EventCountry "CAN"]

1. d4 Nf6 2. Nf3 g6 3. Bf4 Bg7 4. e3 O-O 5. Bd3 d5 6. Nbd2 Nbd7 7. c4 c6 8. Qe2
Re8 9. O-O Nh5 10. cxd5 Nxf4 11. exf4 cxd5 12. Rae1 Qb6 13. Nb3 Qd6 14. Qd2 Nf8
15. h3 Bh6 16. Ng5 f6 17. h4 fxg5 18. fxg5 Bg7 19. Re3 e5 20. dxe5 Rxe5 21.
Rfe1 Rxe3 22. Rxe3 Bd7 23. Qe2 Ne6 24. g3 Nd4 25. Nxd4 Bxd4 26. Rf3 Bg4 27. Rf6
0-1

[Event "July TNT"]
[Site "Winnipeg CAN"]
[Date "2003.07.29"]
[Round "4"]
[White "Gibson, Fred"]
[Black "Taylor, Evan"]
[Result "0-1"]
[WhiteElo "1190"]
[BlackElo "1402"]
[PlyCount "35"]
[EventDate "2003.07.08"]
[EventType "swiss"]
[EventRounds "4"]
[EventCountry "CAN"]

1. d4 Nf6 2. c4 e5 3. Bg5 exd4 4. Qxd4 Be7 5. Nf3 Nc6 6. Qe3 O-O 7. Qf4 d5 8.
Bxf6 Bxf6 9. Nc3 d4 10. O-O-O Qe7 11. Nd5 Qe6 12. e3 b5 13. Nxc7 Qe7 14. Nxa8
Qb4 15. cxb5 Qc5+ 16. Kb1 Nb4 17. exd4 Qc2+ 18. Ka1 0-1

[Event "July TNT"]
[Site "Winnipeg CAN"]
[Date "2003.07.29"]
[Round "4"]
[White "Greenberg, Harley"]
[Black "Anderson, George"]
[Result "1-0"]
[WhiteElo "1837"]
[BlackElo "1503"]
[PlyCount "58"]
[EventDate "2003.07.08"]
[EventType "swiss"]
[EventRounds "4"]
[EventCountry "CAN"]

1. d4 b5 2. e4 Bb7 3. Bd3 Nf6 4. Qe2 b4 5. c4 e6 6. Nf3 g6 7. O-O Bg7 8. e5 Ng8
9. Bd2 a5 10. a3 Bh6 11. axb4 Bxd2 12. Nbxd2 axb4 13. Ne4 f5 14. exf6 Nxf6 15.
Nc5 Rxa1 16. Rxa1 Bxf3 17. Qxf3 O-O 18. Qe2 Nc6 19. d5 exd5 20. cxd5 Re8 21.
Qd2 Qe7 22. dxc6 Qxc5 23. Rc1 Qd6 24. Bc4+ Kh8 25. Qxd6 cxd6 26. c7 Ne4 27. Ba6
Nc5 28. c8=Q Rxc8 29. Bxc8 d5 1-0

[Event "July TNT"]
[Site "Winnipeg CAN"]
[Date "2003.07.29"]
[Round "4"]
[White "Khedkar, Jay"]
[Black "Taylor, Jasper"]
[Result "1/2-1/2"]
[WhiteElo "1952"]
[BlackElo "1440"]
[PlyCount "76"]
[EventDate "2003.07.08"]
[EventType "swiss"]
[EventRounds "4"]
[EventCountry "CAN"]

1. e4 c6 2. d4 d5 3. Nc3 dxe4 4. Nxe4 Bf5 5. Ng3 Bg6 6. h4 h6 7. h5 Bh7 8. Bd3
Bxd3 9. Qxd3 Nd7 10. Nf3 Qc7 11. Bd2 e6 12. O-O-O O-O-O 13. Qe2 Ngf6 14. c4 Bd6
15. Ne4 Nxe4 16. Qxe4 Nf6 17. Qe2 Bf4 18. Ne5 Bxd2+ 19. Rxd2 Rhe8 20. Rhd1 Kb8
21. Kb1 Ka8 22. g4 Kb8 23. f4 Rh8 24. Qf3 Rhf8 25. Rd3 Ka8 26. b4 a6 27. a4 Rd6
28. g5 hxg5 29. fxg5 Ne8 30. h6 gxh6 31. gxh6 f6 32. Rh1 Qh7 33. Kb2 fxe5 34.
Qxf8 Qxd3 35. Qxe8+ Ka7 36. Qh5 Qxd4+ 37. Kb1 Qd3+ 38. Kb2 Qd4+ 1/2-1/2

[Event "July TNT"]
[Site "Winnipeg CAN"]
[Date "2003.07.29"]
[Round "4"]
[White "Lafreniere, Adrian"]
[Black "Wasney, Mark"]
[Result "0-1"]
[WhiteElo "1806"]
[BlackElo "1701"]
[PlyCount "81"]
[EventDate "2003.07.08"]
[EventType "swiss"]
[EventRounds "4"]
[EventCountry "CAN"]

1. d4 Nf6 2. Nc3 d5 3. g3 Bg4 4. Bg2 e6 5. a3 Bd6 6. Nf3 O-O 7. Bg5 h6 8. Be3
c6 9. h3 Bh5 10. Qd2 Kh7 11. Nh4 Nfd7 12. Nf3 a5 13. Bf4 Nb6 14. Ne5 f6 15.
Qd3+ Kg8 16. Ng6 Bxg6 17. Qxg6 Bxf4 18. gxf4 Nc4 19. Rg1 Rf7 20. Bf3 Qd6 21.
Bh5 Re7 22. Qxf6 Nd7 23. Qxh6 Nf8 24. O-O-O b5 25. Rd3 b4 26. Nb1 c5 27. dxc5
Qxc5 28. Qg5 Rc8 29. axb4 axb4 30. c3 Rcc7 31. Bf3 Qb6 32. b3 Na5 33. f5 Nxb3+
34. Kd1 bxc3 35. Nxc3 d4 36. Nd5 exd5 37. Bxd5+ Kh8 38. Bxb3 Qc5 39. Rg4 Nh7
40. Rh4 Qc6 41. Rdxd4 0-1

[Event "July TNT"]
[Site "Winnipeg CAN"]
[Date "2003.07.29"]
[Round "4"]
[White "Milord, Frank"]
[Black "Shome, Devarshi"]
[Result "0-1"]
[WhiteElo "1567"]
[BlackElo "1624"]
[PlyCount "58"]
[EventDate "2003.07.08"]
[EventType "swiss"]
[EventRounds "4"]
[EventCountry "CAN"]

1. e4 e6 2. d4 d5 3. e5 c5 4. c3 Nc6 5. Nf3 Bd7 6. a3 cxd4 7. cxd4 Rc8 8. Be2
Qb6 9. O-O Na5 10. Nc3 Ne7 11. Bd3 Nb3 12. Nb5 Bxb5 13. Qxb3 Bxd3 14. Qxd3 Nc6
15. b4 Be7 16. Be3 O-O 17. Rfc1 Rc7 18. Rc2 Rfc8 19. Rac1 h6 20. g4 a6 21. h4
Na7 22. g5 hxg5 23. Rxc7 Rxc7 24. Rxc7 Qxc7 25. Bxg5 Bxg5 26. Nxg5 g6 27. Nxe6
fxe6 28. Qxg6+ Qg7 29. Qxg7+ Kxg7 0-1

[Event "July TNT"]
[Site "Winnipeg CAN"]
[Date "2003.07.29"]
[Round "4"]
[White "Nikouline, Alexandre"]
[Black "Vincent, Trevor"]
[Result "0-1"]
[WhiteElo "1993"]
[BlackElo "2023"]
[PlyCount "90"]
[EventDate "2003.07.08"]
[EventType "swiss"]
[EventRounds "4"]
[EventCountry "CAN"]

1. e4 c5 2. Nf3 Nc6 3. d4 cxd4 4. Nxd4 g6 5. Nc3 Bg7 6. Be3 Nf6 7. Bc4 Qa5 8.
O-O O-O 9. Bb3 d6 10. h3 Bd7 11. f4 Nxd4 12. Bxd4 Bc6 13. Qd3 Rad8 14. Rad1 Kh8
15. Qe3 e5 16. fxe5 dxe5 17. Bxa7 Rxd1 18. Rxd1 Nxe4 19. Nxe4 Bxe4 20. Bb6 Qb5
21. Bc5 Rc8 22. a4 Qc6 23. Qf2 f5 24. Bb4 Bxg2 25. Rd6 Qe4 26. Qd2 Bf8 27. Bd5
Qxc2 28. Qxc2 Rxc2 29. Bxg2 Bxd6 30. Bxd6 e4 31. Bf1 Kg7 32. b3 Kf6 33. Bc4 g5
34. a5 Rd2 35. Bb4 Rd1+ 36. Kf2 Ke5 37. a6 bxa6 38. Bxa6 Rh1 39. Be7 Rxh3 40.
b4 Rh2+ 41. Ke1 f4 42. b5 e3 43. Bxg5 f3 44. Kd1 e2+ 45. Kd2 Rh1 0-1

[Event "July TNT"]
[Site "Winnipeg CAN"]
[Date "2003.07.29"]
[Round "4"]
[White "Van Wyk, Joseph"]
[Black "Charter, Bennet"]
[Result "1-0"]
[WhiteElo "1930"]
[BlackElo "1697"]
[PlyCount "55"]
[EventDate "2003.07.08"]
[EventType "swiss"]
[EventRounds "4"]
[EventCountry "CAN"]

1. e4 c5 2. Nc3 Nc6 3. g3 g6 4. Bg2 Bg7 5. Nge2 Nf6 6. d3 O-O 7. Be3 d6 8. h3
Rb8 9. f4 h5 10. f5 gxf5 11. exf5 Bxf5 12. Nf4 Bg6 13. g4 hxg4 14. hxg4 Ne5 15.
Bh3 Qb6 16. g5 Bh5 17. Nxh5 Nxh5 18. Qxh5 Qxb2 19. Nd5 Ng6 20. Bf5 Qxa1+ 21.
Kd2 Qxh1 22. Qxh1 Rfe8 23. Qh5 Nf8 24. g6 f6 25. Be6+ Nxe6 26. Qh7+ Kf8 27. Bh6
Rec8 28. Qh8# 1-0

[Event "June TNT"]
[Site "Winnipeg CAN"]
[Date "2003.06.17"]
[Round "3"]
[White "Babb, Jeff"]
[Black "Nikouline, Alexandre"]
[Result "1-0"]
[WhiteElo "2170"]
[BlackElo "2035"]
[PlyCount "31"]
[EventDate "2003.06.03"]
[EventType "swiss"]
[EventRounds "4"]
[EventCountry "CAN"]

1. e4 e5 2. Nc3 Nc6 3. Bc4 Nf6 4. d3 Be7 5. f4 d6 6. Nf3 Bg4 7. O-O Nd4 8. fxe5
dxe5 9. Bxf7+ Kf8 10. Bb3 Nxf3+ 11. gxf3 Bh3 12. Be3 Bxf1 13. Qxf1 Nd7 14. f4
Bf6 15. Qh3 exf4 16. Bxf4 1-0

[Event "June TNT"]
[Site "Winnipeg CAN"]
[Date "2003.06.17"]
[Round "3"]
[White "Lipnowski, Samuel"]
[Black "Czypinski, Jaroslaw"]
[Result "0-1"]
[WhiteElo "2136"]
[BlackElo "1939"]
[PlyCount "156"]
[EventDate "2003.06.03"]
[EventType "swiss"]
[EventRounds "4"]
[EventCountry "CAN"]

1. d4 Nf6 2. Nf3 e6 3. c4 Bb4+ 4. Nbd2 O-O 5. g3 c5 6. Bg2 d5 7. cxd5 Nxd5 8.
O-O Nc6 9. a3 Bxd2 10. Qxd2 cxd4 11. Nxd4 Bd7 12. Rd1 Nxd4 13. Qxd4 Bc6 14. Bd2
Re8 15. Qg4 Nf6 16. Qh4 Bxg2 17. Kxg2 Qd5+ 18. Kg1 Qf5 19. Bc3 e5 20. f3 Rad8
21. Qa4 Rxd1+ 22. Rxd1 a6 23. Rd6 Qc8 24. Qd1 h6 25. Bxe5 Qc5+ 26. Rd4 Qxe5 27.
e4 Qc5 28. Kg2 Rc8 29. Rd2 Nh7 30. Qe2 Nf8 31. f4 Qc4 32. Qf3 Ne6 33. h4 Nc5
34. Re2 Rd8 35. Kh2 Qd3 36. Qg2 Rd4 37. e5 Ne4 38. Kh3 Nxg3 39. Rf2 Nf1+ 40.
Qf3 Qxf3+ 41. Rxf3 Nd2 42. Rf2 Rd3+ 43. Kg4 g6 44. h5 Ne4 45. Rg2 Rd2 46. Rg1
Rxb2 47. hxg6 fxg6 48. Rc1 h5+ 49. Kf3 Nd2+ 50. Ke3 Kf7 51. Rc7+ Ke6 52. Rg7
Nc4+ 53. Kd4 Nxe5 54. fxe5 Rg2 55. Rxb7 Rg4+ 56. Ke3 Rg3+ 57. Kf4 Rg4+ 58. Ke3
a5 59. Rb5 Ra4 60. Rb6+ Kxe5 61. Rxg6 Rxa3+ 62. Ke2 Kf4 63. Rf6+ Kg5 64. Rc6 h4
65. Rc4 a4 66. Kf2 h3 67. Rd4 Ra2+ 68. Kg1 Rg2+ 69. Kh1 Rg4 70. Rd3 Kh4 71. Kh2
Rg2+ 72. Kh1 Ra2 73. Kg1 Kg4 74. Rc3 a3 75. Rd3 Rg2+ 76. Kh1 a2 77. Ra3 Rb2 78.
Ra4+ Kf5 0-1

[Event "June TNT"]
[Site "Winnipeg CAN"]
[Date "2003.06.17"]
[Round "3"]
[White "Nair, Krishnan"]
[Black "Anderson, George"]
[Result "0-1"]
[WhiteElo "1188"]
[BlackElo "1524"]
[PlyCount "99"]
[EventDate "2003.06.03"]
[EventType "swiss"]
[EventRounds "4"]
[EventCountry "CAN"]

1. e4 e6 2. Nf3 Bc5 3. Bd3 Nc6 4. O-O Qe7 5. Nc3 a6 6. Na4 Ba7 7. Re1 b5 8. Nc3
Qc5 9. Rf1 Nf6 10. h3 Bb7 11. Qe1 O-O-O 12. a3 d5 13. e5 Nh5 14. b4 Qb6 15. Be2
Nf4 16. d3 Nxe2+ 17. Nxe2 d4 18. Nexd4 Nxd4 19. Nxd4 Qxd4 20. Be3 Qd5 21. f3
Bxe3+ 22. Qxe3 Qd4 23. Qxd4 Rxd4 24. f4 Rhd8 25. Rad1 h5 26. Kh2 h4 27. g3
hxg3+ 28. Kxg3 f6 29. Rfe1 g5 30. fxg5 f5 31. g6 Rg8 32. Kf2 Rxg6 33. c3 Rh4
34. Rh1 Bxh1 35. Rxh1 f4 36. Kf3 Rg3+ 37. Ke4 f3+ 38. Ke3 Rhxh3 39. Rxh3 Rxh3
40. d4 f2+ 41. Kxf2 Rxc3 42. Ke2 Rxa3 43. Kd2 Rh3 44. Ke2 Kd7 45. Kf2 Kc6 46.
Kg2 Kd5 47. Kxh3 Kxd4 48. Kg3 Kxe5 49. Kf2 Kd4 50. Ke2 0-1